| 000 | 00336 a2200157 4500 | ||
|---|---|---|---|
| 003 | Nust | ||
| 005 | 20170207153557.0 | ||
| 020 | _a8176487201 | ||
| 040 | _cNust | ||
| 082 | _a005.822 | ||
| 100 | _aS.Pankaj | ||
| 245 |
_aHacking _cS.Pankaj |
||
| 260 |
_aA.P.H Publishing Corporation _bNew Delhi _c2005 |
||
| 300 | _a330 p | ||
| 650 | _aHacking | ||
| 942 |
_2ddc _cBK |
||
| 999 |
_c189154 _d189154 |
||